| 000 | 01212nam a2200265 i 4500 | ||
|---|---|---|---|
| 003 | EG-ScBUE | ||
| 005 | 20231008102052.0 | ||
| 008 | 120412s1963 ua b f b 000 0 ara d | ||
| 040 |
_aEG-ScBUE _bara _erda _cEG-ScBUE _dEG-ScBUE |
||
| 041 | 1 |
_aara _hfre |
|
| 082 | 0 | 4 |
_a916.227 _bف ي ر _222 |
| 100 | 1 |
_929647 _aفيرون، ريمون، _eمؤلف. |
|
| 240 | 1 | 0 |
_aSahara. _lArabic |
| 245 | 1 | 2 |
_aالصحراء الكبرى : _bالجوانب الجيولوجية - مصادر الثروة المعدنية - استغلالها / _cتأليف ريمون فيرون ؛ ترجمة الدكتور جمال الدين الدناصوري ؛ راجعه الدكتور نصري شكري. |
| 264 | 1 |
_aالقاهرة : _bمؤسسة سجل العرب، _c1963. |
|
| 300 |
_a485 صفحة : _bخرائط ؛ _c22 سم |
||
| 336 |
_2rdacontent _aنص _btxt |
||
| 337 |
_2rdamedia _aبدون وسيط _bn |
||
| 338 |
_2rdacarrier _aمجلد _bnc |
||
| 504 | _aيشتمل على إرجاعات ببليوجرافية. | ||
| 546 | _aالنص باللغة العربية وتم ترجمته من اللغة الفرنسية. | ||
| 651 | 7 |
_929648 _aالصحراء الكبرى. _2BUEsh |
|
| 655 | _vReading book | ||
| 942 |
_2ddc _cBB |
||
| 999 |
_c16655 _d16655 |
||